Current/Former Communist Countries- Sudden Death - Statistics

General Stats
  • This quiz has been taken 97 times
  • The average score is 12 of 29
Answers on the Grid
Answers color-coded by a green-red scale on the quiz's grid according to % correct below.
Russia
China
Laos
Ukraine
Vietnam
Cambodia
Cuba
North Korea
South Korea
Japan
Myanmar
Belarus
Kazakhstan
Estonia
Latvia
Lithuania
Norway
Romania
Poland
Indonesia
Thailand
Bhutan
Afghanistan
Ethiopia
Albania
Somalia
Mozambique
Angola
Benin
Hungary
Serbia
North Macedonia
Czech Republic
Republic of the Congo
Sierra Leone
Nicaragua
Grenada
Bulgaria
Mongolia
Pakistan
Finland
Iraq
Djibouti
Bolivia
 
Answer Stats
Answer % Correct
China
56%
Bulgaria
53%
North Korea
53%
Serbia
53%
Belarus
50%
Hungary
50%
Latvia
50%
Lithuania
50%
Poland
50%
Russia
50%
Albania
47%
Cuba
47%
Estonia
47%
Ukraine
47%
Laos
44%
Mongolia
44%
Romania
44%
Vietnam
44%
Czech Republic
38%
Kazakhstan
38%
Afghanistan
35%
North Macedonia
35%
Cambodia
32%
Angola
29%
Mozambique
24%
Ethiopia
18%
Somalia
18%
Republic of the Congo
15%
Benin
12%
No matching quizzes found
Score Distribution
Percent of People with Each Score
Percentile by Number Answered
Your Score History
You have not taken this quiz